00818nam a22002177a 450000500170000001000150001702000260003203500140005803700130007208200110008510000300009624500870012626000470021327000760026030000250033670000320036170000290039394200250042299900190044795201340046620230919132619.0 aENG-138147 a9789393199003c226.00 aEN-121679 bDBAD/PUB a346.07 aReddy,K. Harinadha956946 aBusiness Law/cK. Harinadha Reddy, D. J. Indira Priyadarshimi and Seetaram Pradhan aHyderabadbM/s Amaravathi Publishersc2023 a7-1-277/242, 2nd Floor, Near BK Guda Park, S R NagarbHyderabade500038 aviii, 248c25cm(pbk) aPriyadarshani, D. J.956902 aPradhan, Seetaram956947 2ddccENh346.07mRED c198362d198362 001040708NFICaDBADbMd2023-09-19eDBAD/PUBg226.00l0o346.07 REDpEN-121679r2023-09-19 00:00:00t1v226.00w2023-09-19yEN